Biotechnology

সংরক্ষণ করুন:
গ্রন্থ-পঞ্জীর বিবরন
প্রধান লেখক: Smith, John E.
বিন্যাস: গ্রন্থ
ভাষা:Undetermined
প্রকাশিত: London Edward Arnold 1988
বিষয়গুলি:
ট্যাগগুলো: ট্যাগ যুক্ত করুন
কোনো ট্যাগ নেই, প্রথমজন হিসাবে ট্যাগ করুন!
Thư viện lưu trữ: Trung tâm Học liệu Trường Đại học Cần Thơ
LEADER 00452nam a2200181Ia 4500
001 CTU_79983
008 210402s9999 xx 000 0 und d
082 |a 660.6 
082 |b S642 
100 |a Smith, John E. 
245 0 |a Biotechnology 
245 0 |c John E. Smith 
260 |a London 
260 |b Edward Arnold 
260 |c 1988 
650 |a Biotechnology 
904 |i Trọng Hải 
980 |a Trung tâm Học liệu Trường Đại học Cần Thơ